000 00306nam a2200121Ia 4500
008 240624s9999 xx 000 0 und d
041 _aeng
082 _a658.4022 FOR
100 _aFORSYTH DONELSON R
245 _aGROUP DYNAMICS
260 _c2007
_aNew Delhi
_bThomson
300 _axxii, : 682 : p. : cm. ; 24
999 _c8691
_d8691